Top 10 most important and famous people from Wales - Statistics

General Stats
  • This quiz has been taken 54 times
  • The average score is 6 of 10
Answer Stats
Hint Answer % Correct
Writer, author of Charlie and the Chocolate Factory and The BFG Roald Dahl
87%
Actor, winner of two Academy Award, one for The Silence of the Lambs Anthony Hopkins
83%
Actress famous for her roles in The Mask of Zorro and Chicago Catherine Zeta-Jones
81%
Singer, Delilah, Sex Bomb Tom Jones
79%
Footballer who played in Tottenham and Real Madrid Gareth Bale
77%
Actor famous for his roles in Where Eagles Dare and Cleopatra Richard Burton
60%
Footballer, legend of Manchester United, he played from 1990 to 2014 Ryan Giggs
60%
Prime Minister of United Kingdom from 1916 to 1922. Known for leading the United Kingdom during World War One David Lloyd George
53%
Poet and writer, author of the poems "Do not go gentle into that good night" and "And death shall have no dominion" Dylan Thomas
53%
Mathematician, philosopher and logician. He had a considerable influence on mathematics, logic, set theory, linguistics, artificial intelligence and cognitive science Bertrand Russell
15%
No matching quizzes found
Score Distribution
Percent of People with Each Score
Percentile by Number Answered
Your Score History
You have not taken this quiz